000 01688cam a22004214a 4500
001 8371
003 FISKH
005 20260325110226.0
008 090807s2009 nyua j 000 0beng
010 _a 2009031659
020 _a9781442403031
_qhbk.
020 _a1442403039
_qhbk.
020 _a9780545607001
040 _aDLC
_cDLC
_beng
050 0 0 _aKF8745.S67
_bW565 2009
082 0 0 _a347.73/2634
_aB
_222
100 1 _aWinter, Jonah,
_d1962-
245 1 0 _aSonia Sotomayor :
_ba judge grows in the Bronx = la juez que creció en el Bronx /
_cby Jonah Winter ; illustrated by Edel Rodriguez ; [Spanish translation by Argentina Palacios Ziegler].
260 _aNew York :
_bAtheneum Books for Young Readers,
_c2009.
300 _a36 unnumbered pages :
_bcolor illustrations ;
_c28 cm
336 _atext
_btxt
_2rdacontent
337 _aunmediated
_bn
_2rdamedia
338 _avolume
_bnc
_2rdacarrier
520 _aA biography of U.S. Supreme Court judge, Sonia Sotomayor.
521 1 _a004-008.
546 _aText in English and Spanish.
600 1 0 _aSotomayor, Sonia,
_d1954-
_vJuvenile literature.
610 1 0 _aUnited States.
_bSupreme Court
_vBiography
_vJuvenile literature.
650 0 _aJudges
_zUnited States
_vBiography
_vJuvenile literature.
650 1 _aSpanish language materials
_xBilingual.
655 7 _aLiterature.
_2lcgft
_0https://id.loc.gov/authorities/genreForms/gf2014026415
655 7 _aBiographies.
_2lcgft
_0https://id.loc.gov/authorities/genreForms/gf2014026049
700 1 _aRodriguez, Edel,
_eillustrator
700 1 _aPalacios, Argentina
_eAuthor
906 _a7
_bcbc
_corignew
_d1
_eecip
_f20
_gy-gencatlg
942 _2ddc
_cBK
_n0
999 _c8371
_d8371